Informe del programa de investigación 1979

保存先:
書誌詳細
第一著者: Ramírez Guier, Gonzálo
フォーマット: テキスト
出版事項: Heredia: Universidad NAcional
タグ: タグ追加
タグなし, このレコードへの初めてのタグを付けませんか!

MARC

LEADER 00000 a a2200000 04500
001 15474
003
040
090 |a EXTRAVIADO  
100 |a Ramírez Guier, Gonzálo  
245 |a Informe del programa de investigación 1979  
260 |a Heredia:   |b Universidad NAcional  
300 |a 14 p.  
999 |c 2224  |d 2224